00904nam a2200241Ia 450000500170000000800410001702000220005804100080008008200160008810000220010424500620012625000120018826000330020030000090023350000190024265000270026170000220028890600100031094200070032099900170032795201590034495201590050320230306145436.0230125s9999 xx 000 0 und d a978-0-143-43989-9 aeng a346.07bDAV aDavis D R9118640 aThe Dharma of Business - Commercial Law in Medieval India a1st Ed. c2017bPenguin booksaHaryana a184p aCommercial law aCommercial law9120624 aDavis D R9118640 b74.75 cBK c96755d96755 00104070aHIMRbHIMRd2021-03-13eForward Booksg299.00i11380l0o346.07 DAV B21639pHIMR-BK-21639r2023-01-25 00:00:00v224.25w2021-03-12yBKzB21639 00104070aHIMRbHIMRd2021-03-13eForward Booksg299.00i11380l0o346.07 DAV B21640pHIMR-BK-21640r2023-01-25 00:00:00v224.25w2021-03-12yBKzB21640